00964nam a2200277 a 450000100060000000300080000600500170001400800410003103500150007203500190008704000260010604100080013208200270014010000520016724500910021925000120031026000510032230000350037350000190040865000220042765000250044970000330047494200120050799900170051995201500053678423BD-RjUL20211209083128.0210920s1964 enka 001 0 eng d a0812111559 a(BD-RjUL)78649 aBD-RjULbengcBD-RjUL aeng 223a591.7857bNOP 1964 aNoble, Elmer Rq(Elmer Ray),d1909-2001924819800aParasitology :bthe biology of animal parasites /c[by] Elmer Ray Noble; Glenn A Noble a2nd. ed aPhiladelphia ;aLondon :bLea & Febiger,c1964 a724 pages p. :bill. ;c23 cm. aIncludes index 0aParasites9248199 0aParasitology9248200 a Noble, Glenn Arthur9248223 2ddccBK c78423d78423 00102ddc40718NFICaRUCLbRUCLcReadingd1970-10-24eSwets & Zeitlingerg99.00l0o591.7857 NOP 1964r2021-09-20 00:00:00tC-1w2021-09-20yBK